000 00420nam a2200181Ia 4500
001 10214
005 20260306161815.0
008 260306t2013||||xx |||||||||||||| ||spa||
041 _aESP
082 _a909
_bR71
100 _aRoberts, J. M.
_eAUT
245 4 _aThe history of the world
260 _c2013
300 _axiv, 1260 páginas :
_c23 cm.
650 _aGEN
654 _aCHU
942 _cLIB
_dJUS
_fJUS
_2ddc
_n
999 _c10214
_d10214